Orogenic Processes in the Alpine Collision Zone [electronic resource] / edited by Nikolaus Froitzheim, Stefan M. Schmid.
Record details
- ISBN: 9783764399504
- Physical Description: online resource.
- Publisher: Basel : Birkhäuser Basel, 2009.
Search for related items by subject
| Subject: | Geography. Geology. Earth Sciences. Geology. |
Search for related items by series
Electronic resources
| LDR | 01419nam a22003855i 4500 | ||
|---|---|---|---|
| 001 | 31357 | ||
| 003 | CONS | ||
| 005 | 20131219214230.0 | ||
| 007 | cr nn 008mamaa | ||
| 008 | 100301s2009 sz | s |||| 0|eng d | ||
| 020 | . | ‡a9783764399504 ‡9978-3-7643-9950-4 | |
| 024 | 7 | . | ‡a10.1007/978-3-7643-9950-4 ‡2doi |
| 035 | . | ‡a(DE-He213)978-3-7643-9950-4 | |
| 050 | 4. | ‡aQE1-996.5 | |
| 072 | 7. | ‡aRBG ‡2bicssc | |
| 072 | 7. | ‡aSCI031000 ‡2bisacsh | |
| 100 | 1 | . | ‡aFroitzheim, Nikolaus. ‡eeditor. |
| 245 | 1 | 0. | ‡aOrogenic Processes in the Alpine Collision Zone ‡h[electronic resource] / ‡cedited by Nikolaus Froitzheim, Stefan M. Schmid. |
| 264 | 1. | ‡aBasel : ‡bBirkhäuser Basel, ‡c2009. | |
| 300 | . | ‡bonline resource. | |
| 336 | . | ‡atext ‡btxt ‡2rdacontent | |
| 337 | . | ‡acomputer ‡bc ‡2rdamedia | |
| 338 | . | ‡aonline resource ‡bcr ‡2rdacarrier | |
| 347 | . | ‡atext file ‡bPDF ‡2rda | |
| 490 | 1 | . | ‡aSwiss Journal of Geosciences Supplement, ‡x1661-8726 ; ‡v3 |
| 650 | 0. | ‡aGeography. | |
| 650 | 0. | ‡aGeology. | |
| 650 | 1 | 4. | ‡aEarth Sciences. |
| 650 | 2 | 4. | ‡aGeology. |
| 700 | 1 | . | ‡aSchmid, Stefan M. ‡eeditor. |
| 710 | 2 | . | ‡aSpringerLink (Online service) |
| 773 | 0 | . | ‡tSpringer eBooks |
| 776 | 0 | 8. | ‡iPrinted edition: ‡z9783764399511 |
| 830 | 0. | ‡aSwiss Journal of Geosciences Supplement, ‡x1661-8726 ; ‡v3 | |
| 856 | 4 | 0. | ‡uhttp://biblioteca.ipicyt.edu.mx:2048/login?url=http://dx.doi.org/10.1007/978-3-7643-9950-4 ‡yTexto completo ‡9CONS |
| 950 | . | ‡aEarth and Environmental Science (Springer-11646) | |
| 901 | . | ‡a31357 ‡b ‡c31357 ‡tbiblio ‡sSystem Local | |